UBT Library

Smaller manufacturing enterprises in an international context : (Record no. 1048)

000 -LEADER
fixed length control field 00627nam a22002057a 4500
008 - FIXED-LENGTH DATA ELEMENTS--GENERAL INFORMATION
fixed length control field 150617b xxu||||| |||| 00| 0 eng d
020 ## - INTERNATIONAL STANDARD BOOK NUMBER
International Standard Book Number 9781848164956
020 ## - INTERNATIONAL STANDARD BOOK NUMBER
International Standard Book Number 1848164955
041 0# - LANGUAGE CODE
Language code of text/sound track or separate title eng
080 ## - UNIVERSAL DECIMAL CLASSIFICATION NUMBER
Universal Decimal Classification number 658
245 00 - TITLE STATEMENT
Title Smaller manufacturing enterprises in an international context :
Statement of responsibility, etc George Tesar ... [et al].
260 ## -
-- London :
-- Imperial College Press,
-- 2010.
300 ## -
-- 300 f. ;
-- 24 cm.
500 ## -
-- Preface: f.vii-ix
505 ## -
-- Index: f.297-300
650 #0 -
-- Industria e prodhimit
650 #0 -
-- Ndërmarrjet e vogla
700 1# -
-- Tesar, George.
942 ## - ADDED ENTRY ELEMENTS (KOHA)
Source of classification or shelving scheme
Item type Books
Holdings
Withdrawn status Lost status Source of classification or shelving scheme Damaged status Not for loan Collection code Permanent location Current location Shelving location Date acquired Total Checkouts Full call number Date last seen Price effective from Koha item type
          Koleksioni i përgjithshem UBT - Prishtine UBT - Prishtine Koleksioni i përgjithshem 06/17/2015   658 TES 06/17/2015 06/17/2015 Books
UBT Library © 2015-2024. All rights reserved University Education for Business and Technology